| 000 | 00943nam a2200253 i 4500 | ||
|---|---|---|---|
| 001 | 183267 | ||
| 003 | ES-MaACL | ||
| 005 | 20230906221841.0 | ||
| 008 | 140204s1946 sp |||| | spa d | ||
| 080 | _a39(460.235 B.) | ||
| 080 | _a795.3 | ||
| 100 | 1 |
_aDalmau, Antonio R. _9154366 |
|
| 245 | 1 | 4 |
_aLas antiguas rifas barcelonesas _b: su origen, esplendor y desaparición / _cpor Antonio R. Dalmau ; obra ilustrada con... documentos gráficos... y con dibujos de J. Mur. |
| 260 |
_aBarcelona : _bLibrería Millá, _c1946. |
||
| 300 |
_a72 p., [6 h. de lám.] : _bil. ; _c22 cm. |
||
| 490 | 1 |
_aMonografías históricas de Barcelona ; _v10 |
|
| 500 | _a6 hoj. en papel de color. | ||
| 650 | 4 |
_aRifas- _zBarcelona. _9154368 |
|
| 651 | 4 |
_aBarcelona- _xUsos y costumbres. _9154369 |
|
| 700 | 1 |
_aMur, J. _9154370 |
|
| 830 | 0 |
_aMonografías históricas de Barcelona ; _v10 _9191895 |
|
| 852 |
_aES-MaACL _jE-4178 |
||
| 999 |
_c183267 _d183267 |
||